|
|
|
|
| LEADER |
01474nam a2200301 a 4500 |
| 001 |
3856 |
| 003 |
BD-DhAAL |
| 005 |
20150324102225.0 |
| 008 |
150324s1995 mdua b 001 0 eng |
| 010 |
|
|
|a 95006406
|
| 020 |
|
|
|a 1557661758 (alk. paper)
|
| 040 |
|
|
|a DLC
|c DLC
|d DLC
|d BD-DhAAL
|
| 050 |
0 |
0 |
|a LC4806.4
|b .C45 1995
|
| 082 |
0 |
0 |
|a 371.91
|2 20
|
| 245 |
0 |
0 |
|a Children, families, and substance abuse :
|b challenges for changing educational and social outcomes /
|c G. Harold Smith ... [et al.].
|
| 260 |
|
|
|a Baltimore, Md. :
|b P.H. Brookes Publishing Co.,
|c c1995.
|
| 300 |
|
|
|a xxxv, 268 p. :
|b ill. ;
|c 23 cm.
|
| 504 |
|
|
|a Includes bibliographical references and index.
|
| 541 |
|
|
|e 3856
|
| 650 |
|
0 |
|a Children of prenatal alcohol abuse
|x Education
|z United States.
|9 10074
|
| 650 |
|
0 |
|a Children of prenatal alcohol abuse
|z United States
|x Social conditions.
|9 10075
|
| 650 |
|
0 |
|a Children of prenatal substance abuse
|x Education
|z United States.
|9 10076
|
| 650 |
|
0 |
|a Children of prenatal substance abuse
|z United States
|x Social conditions.
|9 10077
|
| 700 |
1 |
|
|a Smith, G. Harold.
|9 10078
|
| 942 |
|
|
|2 ddc
|c BK
|
| 999 |
|
|
|c 34148
|d 34148
|
| 952 |
|
|
|0 0
|1 0
|2 ddc
|4 0
|6 371_910000000000000_SMI
|7 0
|9 53280
|a SCL
|b SCL
|c GEN
|d 2015-03-24
|e Gift: The Asia Foundation
|l 0
|o 371.91 SMI
|p 3020003856
|r 2015-03-24
|t 1
|w 2015-03-24
|y BK
|
| 952 |
|
|
|0 0
|1 0
|2 ddc
|4 0
|6 371_910000000000000_SMI
|7 0
|9 53281
|a SCL
|b SCL
|c GEN
|d 2015-03-24
|e Gift: The Asia Foundation
|l 0
|o 371.91 SMI
|p 3020000365
|r 2015-03-24
|t 2
|w 2015-03-24
|y BK
|